Fr. Conceicao Rodrigues College of Engineering

Unix C Programming (Record no. 33217)

MARC details
000 -LEADER
fixed length control field 00275nam a2200133Ia 4500
100 ## - MAIN ENTRY--PERSONAL NAME
Personal name Davignon/B.
245 ## - TITLE STATEMENT
Title Unix C Programming
260 ## - PUBLICATION, DISTRIBUTION, ETC.
Name of publisher, distributor, etc. Galgotia
Place of publication, distribution, etc. New Delhi
Date of publication, distribution, etc. 1993
300 ## - PHYSICAL DESCRIPTION
Extent 429
546 ## - LANGUAGE NOTE
Language note ENGLISH
654 ## - SUBJECT ADDED ENTRY--FACETED TOPICAL TERMS
Focus term Unix programming
942 ## - ADDED ENTRY ELEMENTS (KOHA)
Koha item type BOOK
Holdings
Withdrawn status Lost status Damaged status Not for loan Collection Home library Current library Date acquired Cost, normal purchase price Total Checkouts Full call number Barcode Date last seen Cost, replacement price Price effective from Koha item type
        CRC Fr. Agnel's C.Rodrigues College of Engineering Fr. Agnel's C.Rodrigues College of Engineering 17/03/2023 175.00   5293 17/03/2023 175.00 17/03/2023 BOOK